00913nam a2200217 i 450000100060000000300090000600500170001500700030003200800410003508000180007610000390009424501500013326000540028330000280033750000700036565000390043571000500047485200320052499900170055695201220057323357ES-MaACL20230906152846.0t|021210s1965 sp ||||1| spa d a348.524.1(04)1 aAlvarez Arias, Constantino.92069613aLa monición canónica y pastoral b: lineas históricas, funciones y sistema en la legislación de la Iglesia / cConstantino Alvarez Arias. aSalamanca : b[s.n., c1965] (fGráfs. Canales) aXXXI, 259 p. ; c25 cm. aPrecede al tít.: C.S.I.C. Instituto San Raimundo de Peñafort. 4aPenas (Derecho canónico)91440380 aInstituto San Raimundo de Peñafort.9180890 aES-MaACLjC-29327 bR.58341 c23357d23357 00104070aATENEOMbATENEOMcDEPO2d2008-01-17eSCl0oC-29327p1024063r2023-02-23 00:00:00w2023-02-23yMONOGRAFIA